| 000 | 01201cam a2200313 a 4500 | ||
|---|---|---|---|
| 001 | 12545990 | ||
| 005 | 20011025074811.0 | ||
| 008 | 010926s2000 enk b 001 0 eng d | ||
| 010 | _a 2001275569 | ||
| 015 | _aGBA1-36110 | ||
| 020 | _a0745625908 (pbk.) | ||
| 035 | _a(OCoLC)ocm45883159 | ||
| 040 |
_aVYF _cVYF _dJ2H _dUKM _dDLC |
||
| 042 | _alccopycat | ||
| 050 | 0 | 0 |
_aD31 _b.M39 2000 |
| 082 | 0 | 0 |
_a327 _222 _bMAY |
| 100 | 1 |
_aMayall, James. _99333 |
|
| 245 | 1 | 0 |
_aWorld Politics : _bProgress and Its Limits / _cJames Mayall. |
| 260 |
_aCambridge : _bPolity ; _aMalden, MA : _bBlackwell Publishers, _c2000. |
||
| 300 |
_ax, 170 p. ; _c20 cm. |
||
| 490 | _aThemes for the 21st century | ||
| 504 | _aIncludes bibliographical references (p. [158]-164) and index. | ||
| 505 | 2 | _aPart I. International society -- Part II. Sovereignty -- Part III. Democracy -- Part IV. Intervention. | |
| 650 | 0 |
_aInternational relations. _99334 |
|
| 650 | 0 |
_aWorld politics. _99335 |
|
| 942 |
_2ddc _cBB |
||
| 999 |
_c12902 _d12902 |
||